000
00275nam a22001217a 4500
082
_a
823
_b
DAV/T
100
_a
DAVID, MARY T
245
_a
3 - IN - 1 AESOP'S FABLES
260
_a
DELHI
_b
DHINGRA PUBLISHING
_c
1998
300
_a
23
650
_a
ENGLISH STORY
_z
INDIA
942
_c
BK
999
_c
7377
_d
7377